MARC details
| 000 -LEADER |
| fixed length control field |
02801cam a2200421 a 4500 |
| 001 - CONTROL NUMBER |
| control field |
10683714 |
| 005 - DATE AND TIME OF LATEST TRANSACTION |
| control field |
20150715143107.0 |
| 006 - FIXED-LENGTH DATA ELEMENTS--ADDITIONAL MATERIAL CHARACTERISTICS--GENERAL INFORMATION |
| fixed length control field |
m d |
| 007 - PHYSICAL DESCRIPTION FIXED FIELD--GENERAL INFORMATION |
| fixed length control field |
cr n |
| 008 - FIXED-LENGTH DATA ELEMENTS--GENERAL INFORMATION |
| fixed length control field |
070213s2007 ncua sb 001 0 eng d |
| 015 ## - NATIONAL BIBLIOGRAPHY NUMBER |
| National bibliography number |
GBA773047 |
| Source |
bnb |
| 016 7# - NATIONAL BIBLIOGRAPHIC AGENCY CONTROL NUMBER |
| Record control number |
013888759 |
| Source |
Uk |
| 020 ## - INTERNATIONAL STANDARD BOOK NUMBER |
| International Standard Book Number |
9780822340461 (cloth : alk. paper) |
| 020 ## - INTERNATIONAL STANDARD BOOK NUMBER |
| International Standard Book Number |
0822340461 (cloth : alk. paper) |
| 020 ## - INTERNATIONAL STANDARD BOOK NUMBER |
| International Standard Book Number |
9780822340683 (pbk. : alk. paper) |
| 020 ## - INTERNATIONAL STANDARD BOOK NUMBER |
| International Standard Book Number |
0822340682 (pbk. : alk. paper) |
| 035 ## - SYSTEM CONTROL NUMBER |
| System control number |
(WaSeSS)ssj0000394587 |
| 040 ## - CATALOGING SOURCE |
| Original cataloging agency |
DLC |
| Transcribing agency |
DLC |
| Modifying agency |
DLC |
| -- |
WaSeSS |
| 050 #4 - LIBRARY OF CONGRESS CALL NUMBER |
| Classification number |
QH324.8 |
| Item number |
.S25 2007 |
| 082 00 - DEWEY DECIMAL CLASSIFICATION NUMBER |
| Classification number |
570.1 |
| Edition number |
22 |
| 210 10 - ABBREVIATED TITLE |
| Abbreviated title |
Science without laws |
| 245 00 - TITLE STATEMENT |
| Title |
Science without laws |
| Medium |
[electronic resource] : |
| Remainder of title |
model systems, cases, exemplary narratives / |
| Statement of responsibility, etc |
edited by Angela N.H. Creager, Elizabeth Lunbeck, and M. Norton Wise. |
| 260 ## - PUBLICATION, DISTRIBUTION, ETC. (IMPRINT) |
| Place of publication, distribution, etc |
Durham : |
| Name of publisher, distributor, etc |
Duke University Press, |
| Date of publication, distribution, etc |
2007. |
| 300 ## - PHYSICAL DESCRIPTION |
| Extent |
287p.; |
| Dimensions |
24cm. |
| 440 #0 - SERIES STATEMENT/ADDED ENTRY--TITLE |
| Title |
Science and cultural theory |
| 9 (RLIN) |
18158 |
| 504 ## - BIBLIOGRAPHY, ETC. NOTE |
| Bibliography, etc |
Includes bibliographical references and index. |
| 505 00 - FORMATTED CONTENTS NOTE |
| Title |
Redesigning the fruit fly : the molecularization of Drosophila / |
| Statement of responsibility |
Marcel Weber -- |
| Title |
Wormy logic : model organisms as case-based reasoning / |
| Statement of responsibility |
Rachel A. Ankeny -- |
| Title |
Model organisms as powerful tools for biomedical research / |
| Statement of responsibility |
E. Jane Albert Hubbard -- |
| Miscellaneous information |
The |
| Title |
troop trope : baboon behavior as a model system in the postwar period / |
| Statement of responsibility |
Susan Sperling -- |
| Title |
From scaling to simulation : changing meanings and ambitions of models in geology / |
| Statement of responsibility |
Naomi Oreskes -- |
| Title |
Models and simulations in climate change : historical, epistemological, anthropological, and political aspects / |
| Statement of responsibility |
Amy Dahan Dalmedico -- |
| Miscellaneous information |
The |
| Title |
curious case of the prisoner's dilemma : model situation? : exemplary narrative? / |
| Statement of responsibility |
Mary S. Morgan -- |
| Miscellaneous information |
The |
| Title |
psychoanalytic case : voyeurism, ethics, and epistemology in Robert Stoller's Sexual excitement / |
| Statement of responsibility |
John Forrester -- |
| Title |
"To exist is to have confidence in one's way of being" : rituals as model systems / |
| Statement of responsibility |
Clifford Geertz -- |
| Title |
Democratic Athens as an experimental system : history and the project of political theory / |
| Statement of responsibility |
Josiah Ober -- |
| Title |
Latitude, slaves, and the Bible : an experiment in microhistory / |
| Statement of responsibility |
Carlo Ginzburg -- |
| Title |
Afterword : reflections on exemplary narratives, cases, and model organisms / |
| Statement of responsibility |
Mary S. Morgan. |
| 506 ## - RESTRICTIONS ON ACCESS NOTE |
| Terms governing access |
License restrictions may limit access. |
| 650 #0 - SUBJECT ADDED ENTRY--TOPICAL TERM |
| Topical term or geographic name as entry element |
Biological models. |
| 9 (RLIN) |
18159 |
| 650 #0 - SUBJECT ADDED ENTRY--TOPICAL TERM |
| Topical term or geographic name as entry element |
Biology |
| General subdivision |
Philosophy. |
| 9 (RLIN) |
14175 |
| 700 1# - ADDED ENTRY--PERSONAL NAME |
| Personal name |
Creager, Angela N. H. |
| 9 (RLIN) |
18160 |
| 700 1# - ADDED ENTRY--PERSONAL NAME |
| Personal name |
Lunbeck, Elizabeth. |
| 9 (RLIN) |
18161 |
| 700 1# - ADDED ENTRY--PERSONAL NAME |
| Personal name |
Wise, M. Norton. |
| 9 (RLIN) |
18162 |
| 773 #0 - HOST ITEM ENTRY |
| Title |
e-Duke Books Scholarly Collection Backlist |
| 856 40 - ELECTRONIC LOCATION AND ACCESS |
| Uniform Resource Identifier |
<a href="http://www.columbia.edu/cgi-bin/cul/resolve?clio10683714">http://www.columbia.edu/cgi-bin/cul/resolve?clio10683714</a> |
| Public note |
Full text available from e-Duke Books Scholarly Collection Backlist |
| 910 ## - USER-OPTION DATA (OCLC) |
| User-option data |
Library of Congress record |
| 942 ## - ADDED ENTRY ELEMENTS (KOHA) |
| Source of classification or shelving scheme |
Library of Congress Classification |
| Item type |
Monograph ( Printed materials) |